Compilation of a guide to reference sources in social science (Record no. 11879)

MARC details
000 -LEADER
fixed length control field 00368nam a2200121Ia 4500
082 ## - DEWEY DECIMAL CLASSIFICATION NUMBER
Classification number RK 0234
100 ## - MAIN ENTRY--AUTHOR NAME
Personal name Kumbhar, Rajendra
245 #0 - TITLE STATEMENT
Title Compilation of a guide to reference sources in social science
260 ## - PUBLICATION, DISTRIBUTION, ETC. (IMPRINT)
Year of publication 2013
Name of publisher Indian Council of Social Science Research, New Delhi
300 ## - PHYSICAL DESCRIPTION
Number of Pages iii, 422p
650 ## - SUBJECT ADDED ENTRY--TOPICAL TERM
Topical Term REFERENCE SOURCES - SOCIAL SCIENCES
942 ## - ADDED ENTRY ELEMENTS (KOHA)
Koha item type Research Reports
Source of classification or shelving scheme Dewey Decimal Classification
Holdings
Withdrawn status Lost status Damaged status Not for loan Collection code Home library Current library Date acquired Source of acquisition Bill Date Full call number Accession Number Price effective from Koha item type
      Not For Loan Major Research Project Reports NASSDOC Library NASSDOC Library 18/03/2015 Gifted by : RPR Division ICSSR 2014-11-19 RK 0234 48696 18/04/2019 Research Reports